Теория информации: учебное пособие
| Auteur principal: | |
|---|---|
| Collectivité auteur: | |
| Autres auteurs: | |
| Résumé: | Заглавие с титульного экрана Электронная версия печатной публикации В пособии рассмотрены этапы обращения информации в информационных системах, методы и модели измерения количества информации, датчики, описание сигналов (спектральное и вейвлет-представление сигналов, спектры гармонического сигнала и прямоугольного импульса, теоремы об изменении спектра сигнала при преобразованиях сигнала), переход от аналоговой формы сигнала к цифровой, модуляция и демодуляция сигналов, согласование характеристик сигнала и канала связи, виды физических линий связи, разделение (мультиплексирование) линий связи, обобщенная информационная модель канала по Шеннону, теоретические модели каналов связи и их пропускная способность, теоремы Шеннона о кодировании для канала связи без помех и с помехами, сжатие данных, методы повышения помехоустойчивости, помехоустойчивое кодирование, представление информации. Каждая глава содержит контрольные вопросы. Предназначено для студентов, обучающихся по направлениям 230100 “Информатика и вычислительная техника”, 230400 “Информационные системы и технологии”. AM_TPU_network |
| Langue: | russe |
| Publié: |
Томск, Изд-во ТПУ, 2014
|
| Sujets: | |
| Accès en ligne: | http://www.lib.tpu.ru/fulltext2/m/2015/m149.pdf |
| Format: | Électronique Livre |
| KOHA link: | https://koha.lib.tpu.ru/cgi-bin/koha/opac-detail.pl?biblionumber=296431 |
MARC
| LEADER | 00000nam0a2200000 4500 | ||
|---|---|---|---|
| 001 | 296431 | ||
| 005 | 20260323152457.0 | ||
| 035 | |a (RuTPU)RU\TPU\book\321537 | ||
| 035 | |a RU\TPU\book\321532 | ||
| 090 | |a 296431 | ||
| 100 | |a 20150530d2014 m y0rusy50 ca | ||
| 101 | 0 | |a rus | |
| 102 | |a RU | ||
| 105 | |a a j 001zy | ||
| 135 | |a drcn ---uucaa | ||
| 181 | 0 | |a i | |
| 182 | 0 | |a b | |
| 200 | 1 | |a Теория информации |e учебное пособие |f А. Н. Осокин, А. Н. Мальчуков |g Национальный исследовательский Томский политехнический университет (ТПУ) | |
| 203 | |a Текст |c электронный | ||
| 210 | |a Томск |c Изд-во ТПУ |d 2014 | ||
| 300 | |a Заглавие с титульного экрана | ||
| 300 | |a Электронная версия печатной публикации | ||
| 330 | |a В пособии рассмотрены этапы обращения информации в информационных системах, методы и модели измерения количества информации, датчики, описание сигналов (спектральное и вейвлет-представление сигналов, спектры гармонического сигнала и прямоугольного импульса, теоремы об изменении спектра сигнала при преобразованиях сигнала), переход от аналоговой формы сигнала к цифровой, модуляция и демодуляция сигналов, согласование характеристик сигнала и канала связи, виды физических линий связи, разделение (мультиплексирование) линий связи, обобщенная информационная модель канала по Шеннону, теоретические модели каналов связи и их пропускная способность, теоремы Шеннона о кодировании для канала связи без помех и с помехами, сжатие данных, методы повышения помехоустойчивости, помехоустойчивое кодирование, представление информации. Каждая глава содержит контрольные вопросы. Предназначено для студентов, обучающихся по направлениям 230100 “Информатика и вычислительная техника”, 230400 “Информационные системы и технологии”. | ||
| 371 | 0 | |a AM_TPU_network | |
| 452 | 1 | |0 (RuTPU)RU\TPU\book\309606 |t Теория информации |o учебное пособие |f А. Н. Осокин, А. Н. Мальчуков |g Национальный исследовательский Томский политехнический университет (ТПУ) |c Томск |n Изд-во ТПУ |d 2014 |p 206 с. |a Осокин, Александр Николаевич | |
| 606 | 1 | |a Информации теория |2 stltpush |3 (RuTPU)RU\TPU\subj\12892 |9 39595 | |
| 610 | 1 | |a электронный ресурс | |
| 610 | 1 | |a труды учёных ТПУ | |
| 610 | 1 | |a учебные пособия | |
| 610 | 1 | |a информация | |
| 610 | 1 | |a информационные системы | |
| 610 | 1 | |a датчики | |
| 610 | 1 | |a сигналы | |
| 610 | 1 | |a спектры | |
| 610 | 1 | |a гармонические сигналы | |
| 610 | 1 | |a прямоугольные импульсы | |
| 610 | 1 | |a модуляция | |
| 610 | 1 | |a демодуляция | |
| 610 | 1 | |a каналы связи | |
| 610 | 1 | |a модель Шеннона | |
| 610 | 1 | |a пропускная способность | |
| 610 | 1 | |a кодирование | |
| 610 | 1 | |a мультиплексирование | |
| 610 | 1 | |a помехоустойчивость | |
| 610 | 1 | |a помехоустойчивое кодирование | |
| 675 | |a 621.391(075.8) |v 3 | ||
| 700 | 1 | |a Осокин |b А. Н. |c специалист в области информатики и вычислительной техники |c доцент Томского политехнического университета, кандидат технических наук |f 1947- |g Александр Николаевич |3 (RuTPU)RU\TPU\pers\25406 |9 11349 | |
| 701 | 1 | |a Мальчуков |b А. Н. |c специалист в области информатики и вычислительной техники |c доцент Томского политехнического университета, кандидат технических наук |f 1982- |g Андрей Николаевич |3 (RuTPU)RU\TPU\pers\25402 |9 11345 | |
| 712 | 0 | 2 | |a Национальный исследовательский Томский политехнический университет (ТПУ) |b Институт кибернетики (ИК) |b Кафедра вычислительной техники (ВТ) |3 (RuTPU)RU\TPU\col\18699 |
| 801 | 1 | |a RU |b 63413507 |c 20110927 | |
| 801 | 2 | |a RU |b 63413507 |c 20160615 |g RCR | |
| 856 | 4 | 0 | |u http://www.lib.tpu.ru/fulltext2/m/2015/m149.pdf |z http://www.lib.tpu.ru/fulltext2/m/2015/m149.pdf |
| 942 | |c CF | ||